000 00834cam a22002533a 4500
001 9805
003 PGUSA
005 20140828083216.0
008 060201s2006||||xxu|||||s|||||000 | eng d
040 _aPGUSA
_beng
042 _adc
050 4 _aF786
100 1 _aRyus, W. H.
_q(William Henry),
_d1839-
245 1 4 _aThe Second William Penn :
_bA true account of incidents that happened along the old Santa Fe Trail
_h[electronic resource] /
_cW. H. Ryus
260 _bProject Gutenberg,
_c2006
506 _aPublic domain in the USA.
516 _aElectronic text
653 _aIndians of North America -- West (U.S.)
653 _aFrontier and pioneer life -- West (U.S.)
653 _aSanta Fe National Historic Trail
830 0 _aProject Gutenberg
_v9805
856 4 0 _uhttp://www.gutenberg.org/ebooks/9805
942 _cEB
999 _c239061
_d239061